000 01114nam a2200289 a 4500
001 707
003 BR-CuiBMT
005 20231114004545.0
008 230823s2008 mgb 000 0 por d
020 _a9788577001552
040 _aBR-CuiBMT
_cBR-CuiBMT
080 _22007
_a351
090 _a351
_bP769
245 0 0 _aPolíticas públicas :
_bpossibilidades e limites /
_cCristiana Fortini, Júlio César dos Santos Esteves, Maria Tereza Fonseca Dias (organizadores) ; prefácio, Clovis Beznos ; apresentação, Júlio César dos Santos Esteves ; [autores Carlos Ari Sundfeld ... et al.].
260 _aBelo Horizonte :
_bFórum,
_c2008.
300 _a377 p. ;
_c22 cm
500 _aVários autores.
504 _aInclui bibliografia.
650 _aPolíticas públicas
_xParticipação do cidadão
650 _aParticipação política
650 _aAdministração pública
_zBrasil
700 1 _aFortini, Cristiana
_4org.
700 1 _aEsteves, Júlio César dos Santos
_4org.
700 1 _aDias, Maria Tereza Fonseca
_4org.
700 1 _aSundfeld, Carlos Ari,
_d1960-
_eet al.
_eautores
942 _2udc
_cLV
999 _c707
_d707